000 00771nam a22002777a 4500
001 0000786
003 KOHA_MİRAKIL
005 20260207001220.0
007 ta
008 081212b2006 tu |||gr||||#||||0|tur |
020 _a9754031878
_cYTL49,19
040 _aTR-BiSEU
_btur
_cTR-BiSEU
_erda
041 0 _atur
044 _ctu
050 _aQD31.2
_b.C43 2006
100 1 _aChalloner, Jack.
245 1 _aKimya/
_cJack Challoner ; Jack Challoner; Çeviri Zeynep Gürsoy.
264 1 _aAnkara :
_bTÜBİTAK
_c2006
300 _a64 sayfa: resimli; 27 cm.
336 _ametin
_btxt
_2rdacontent
337 _aaracısız
_bn
_2rdamedia
338 _acilt
_bnc
_2rdacarrier
650 0 _aKimya--Resimli yapıtlar.
_93298
650 0 _aKimya.
_91495
942 _2lcc
_cBK
999 _c784
_d784